| 000 | 00617nam a2200181 a 4500 | ||
|---|---|---|---|
| 001 | 000039775 | ||
| 005 | 20201002033728.0 | ||
| 008 | 130719s200u sp a 000 0 spa d | ||
| 020 | _a8485202716 | ||
| 040 |
_aDO-SdBNP _bspa _cBNPHU |
||
| 082 | _axxx | ||
| 100 | 1 |
_aTarragó, Rafael E. _963639 |
|
| 245 | 1 | 0 |
_aExperiencias políticas de los cubanos en la cuba española:1512-1898 / _cRafael E. Tarragó. |
| 260 |
_aBarcelona, España : _bPuvill Libros, _c[s. f.]. |
||
| 300 |
_a260 p. : _bil. ; _c22 cm. |
||
| 490 | 1 |
_aHistoria y cultura de Hispanoamerica _v2 |
|
| 830 | 0 |
_aHistoria y cultura de Hispanoamerica _v2 _965970 |
|
| 999 |
_c39265 _d39265 |
||